Financial Statement Analysis and Security Valuation

Salvato in:
Dettagli Bibliografici
Autore principale: Penman, Stephen H.
Natura: Libro
Lingua:inglese
Pubblicazione: New York McGraw-Hill/Irwin 2013
Edizione:5th Edition
Soggetti:
Tags: Aggiungi Tag
Nessun Tag, puoi essere il primo ad aggiungerne!!

MARC

LEADER 00000nam a2200000 4500
001 0246877
005 20230109114524.1
020 |a 978-0-07-802531-0 
041 0 |a eng 
044 |a US 
245 1 0 |a Financial Statement Analysis and Security Valuation  |c Stephen H. Penman 
250 |a 5th Edition 
264 1 |a New York  |b McGraw-Hill/Irwin  |c 2013 
300 |a 740 s. 
610 2 0 |a podnikanie 
610 2 0 |a výkazníctvo účtovné 
610 2 0 |a výkazníctvo finančné 
610 2 0 |a investície 
610 2 0 |a príjmy 
610 2 0 |a cash flow 
610 2 0 |a zisk 
610 2 0 |a zárobky 
610 2 0 |a riziko investičné 
610 2 0 |a riziko úverové 
610 2 0 |a analýza kvalitatívna 
610 2 0 |a prognózy 
100 1 |a Penman, Stephen H.